| 000 | 00429nam a22001217a 4500 | ||
|---|---|---|---|
| 999 |
_c13891 _d13891 |
||
| 020 | _a9789698100902 | ||
| 082 | _a297 | ||
| 100 | _aتالیف: عبدالقدیر راجپر | ||
| 245 | _aقلمی نسخوں کا تحقیقی کیٹلاگ مکتبہ معروفیہ مٹیاری: خزانہ محکمہ نوادرات در سندھ آرکائیوز | ||
| 260 |
_aKarachi Sindh _bSindh Archives |
||
| 300 | _a914 pages | ||
| 942 | _cBK | ||